<?xml version="1.0" encoding="UTF-8"?>
<collection xmlns="http://www.loc.gov/MARC21/slim">
 <record>
  <leader>01978nab a2200217 i 4500</leader>
  <controlfield tag="001">misc41521</controlfield>
  <controlfield tag="005">20191106140413.0</controlfield>
  <controlfield tag="008">180706s2016    hu      o     0||   zxx d</controlfield>
  <datafield tag="022" ind1=" " ind2=" ">
   <subfield code="a">1215-5233</subfield>
  </datafield>
  <datafield tag="024" ind1="7" ind2=" ">
   <subfield code="a">DOI: 10.17543/ISKKULT.2016.3.30</subfield>
   <subfield code="2">doi</subfield>
  </datafield>
  <datafield tag="040" ind1=" " ind2=" ">
   <subfield code="a">SZTE Miscellanea Repozitórium</subfield>
   <subfield code="b">hun</subfield>
  </datafield>
  <datafield tag="041" ind1=" " ind2=" ">
   <subfield code="a">zxx</subfield>
  </datafield>
  <datafield tag="100" ind1="1" ind2=" ">
   <subfield code="a">Korom Erzsébet</subfield>
  </datafield>
  <datafield tag="245" ind1="1" ind2="2">
   <subfield code="a">A kutatásalapú tanulás megvalósításának feltételei a természettudományok tanításában</subfield>
   <subfield code="h">[elektronikus dokumentum] /</subfield>
   <subfield code="c"> Korom Erzsébet</subfield>
  </datafield>
  <datafield tag="260" ind1=" " ind2=" ">
   <subfield code="c">2016</subfield>
  </datafield>
  <datafield tag="300" ind1=" " ind2=" ">
   <subfield code="a">30-42</subfield>
  </datafield>
  <datafield tag="490" ind1="0" ind2=" ">
   <subfield code="a">Iskolakultúra</subfield>
   <subfield code="v">26 No. 3</subfield>
  </datafield>
  <datafield tag="520" ind1="3" ind2=" ">
   <subfield code="a">A kutatásalapú tanulás oktatási gyakorlatban való elterjedésének számos feltétele van. A módszertani fejlesztésekhez elengedhetetlen, hogy empirikus bizonyítékokkal rendelkezzünk arról, hogyan hat a kutatásalapú tanulás a tanulók természettudományos tudására, gondolkodására, tanulási motivációjára, milyen pedagógiai tudás szükséges a hatékony alkalmazásához. A feltételek közé tartozik, hogy a természettudományi tantervek támogassák az aktív tanulást, a kutatási készségek fejlesztését, rendelkezésre álljanak módszertani segédanyagok, taneszközök, fejlődjön a tanárképzés és a tanár-továbbképzés, a tapasztalatok megosztására jöjjenek létre szakmai közösségek, és a módszer ismertté, elfogadottá váljon a tanárok, a diákok és a szülők körében egyaránt. A tanulmányban a feltételek közül azokat emeljük ki, amelyekben a SAILS projekt révén hazai viszonylatban jelentős előrelépés történt. Részletesebben bemutatjuk a tananyagfejlesztés, a tanárképzési és tanár-továbbképzési programok kidolgozása, a szakmai közösség formálása terén végzett munkát, továbbá a szélesebb közönséget is megszólító szakmai rendezvényeket.</subfield>
  </datafield>
  <datafield tag="700" ind1="0" ind2="1">
   <subfield code="a">Csíkos Csaba</subfield>
   <subfield code="e">aut</subfield>
  </datafield>
  <datafield tag="700" ind1="0" ind2="1">
   <subfield code="a">Csapó Benő</subfield>
   <subfield code="e">aut</subfield>
  </datafield>
  <datafield tag="856" ind1="4" ind2="0">
   <subfield code="u">http://misc.bibl.u-szeged.hu/41521/1/03.pdf</subfield>
   <subfield code="z">Dokumentum-elérés </subfield>
  </datafield>
 </record>
</collection>
